Mobile cartography: the world in your pocket (Record no. 73627)
[ view plain ]
| 000 -LEADER | |
|---|---|
| fixed length control field | 00848cam a2200205 4500 |
| 001 - CONTROL NUMBER | |
| control field | ABS67178 |
| 008 - FIXED-LENGTH DATA ELEMENTS--GENERAL INFORMATION | |
| fixed length control field | 031022n2003 000 0 eng u |
| 035 ## - SYSTEM CONTROL NUMBER | |
| System control number | (Sirsi) u123974 |
| 100 ## - MAIN ENTRY--PERSONAL NAME | |
| Personal name | Reichenbacher, T. |
| 245 ## - TITLE STATEMENT | |
| Title | Mobile cartography: the world in your pocket |
| 260 ## - PUBLICATION, DISTRIBUTION, ETC. | |
| Date of publication, distribution, etc. | 2003 |
| 490 ## - SERIES STATEMENT | |
| Series statement | Geo Informatics |
| Volume/sequential designation | 6(6) September 2003, 14-17(3) |
| 520 ## - SUMMARY, ETC. | |
| Summary, etc. | This article examines the developments in mobile mapping referred to in this article as mobile geovisualisation. Discusses the background and developments of the technology including Location Based Services (LBS) which are run mainly by telecommunications companies. Problems with the services and technology are examined. |
| 590 ## - LOCAL NOTE (RLIN) | |
| Local note | ABS |
| 650 ## - SUBJECT ADDED ENTRY--TOPICAL TERM | |
| Topical term or geographic name entry element | TELECOMMUNICATIONS |
| 650 ## - SUBJECT ADDED ENTRY--TOPICAL TERM | |
| Topical term or geographic name entry element | MAPPING |
| 650 ## - SUBJECT ADDED ENTRY--TOPICAL TERM | |
| Topical term or geographic name entry element | Geomatics |
| 9 (RLIN) | 6242 |
| 690 ## - LOCAL SUBJECT ADDED ENTRY--TOPICAL TERM (OCLC, RLIN) | |
| Topical term or geographic name as entry element | MAPPING AND MEASUREMENT |
| 942 ## - ADDED ENTRY ELEMENTS (KOHA) | |
| Suppress in OPAC | 0 |
| Withdrawn status | Lost status | Source of classification or shelving scheme | Damaged status | Not for loan | Home library | Current library | Shelving location | Date acquired | Total Checkouts | Full call number | Barcode | Date last seen | Copy number | Price effective from | Koha item type |
|---|---|---|---|---|---|---|---|---|---|---|---|---|---|---|---|
| Dewey Decimal Classification | London | London | Journal article | 22/10/2003 | ABS67178 | 123974-1001 | 06/08/2019 | 1 | 06/08/2019 | Journal article |